Statistics for Canadian Spelling

Click here to take the quiz!

General Stats

  • This quiz has been taken 3,891 times
    (3,890 since last reset)
  • The average score is 13 of 15

Answer Stats

HintAnswer% Correct
colorcolour
100%
axaxe
98%
neighborneighbour
95%
behaviorbehaviour
90%
theatertheatre
88%
brunetbrunette
86%
canceledcancelled
85%
favoritefavourite
84%
totaledtotalled
83%
honorhonour
81%
mattmatte
81%
dialogdialogue
79%
laborlabour
79%
tumortumour
76%
fiberfibre
75%

Score Distribution

Percentile by Number Answered

Percent of People with Each Score

Your Score History

You have not taken this quiz since the last reset